No cause for alarm (Record no. 85175)
[ view plain ]
| 000 -LEADER | |
|---|---|
| fixed length control field | 01245cab a22002415a 4500 |
| 001 - CONTROL NUMBER | |
| control field | L160145 |
| 008 - FIXED-LENGTH DATA ELEMENTS--GENERAL INFORMATION | |
| fixed length control field | 180808e2018 xxk 000 0 eng d |
| 035 ## - SYSTEM CONTROL NUMBER | |
| System control number | (Sirsi) u160145 |
| 041 0# - LANGUAGE CODE | |
| Language code of text/sound track or separate title | eng |
| 100 1# - MAIN ENTRY--PERSONAL NAME | |
| Personal name | Sandland-Taylor, Simon |
| 245 00 - TITLE STATEMENT | |
| Title | No cause for alarm |
| Medium | [electronic resource] |
| 260 ## - PUBLICATION, DISTRIBUTION, ETC. | |
| Date of publication, distribution, etc. | 2018 |
| 490 ## - SERIES STATEMENT | |
| Series statement | RICS Property Journal |
| Volume/sequential designation | July-August 2018, 16-18(2)18-20(3) |
| 520 ## - SUMMARY, ETC. | |
| Summary, etc. | Evaluates.the key clauses in British Standards Institution (BSI) revised "BS 5839-1:2017 Fire detection and fire alarm systems for building: Code of practice for design, installation commissioning and maintenance of systems in non-domestic premise" which considers changes to other major fire safety standards including BS EN 54 series for fire alarms and "BS 9991 for fire safety in commercial buildings". It includes additional guidance on multi-sensor detectors, false alarm reduction, new technology for fire detection and alarm systems. |
| 650 24 - SUBJECT ADDED ENTRY--TOPICAL TERM | |
| Topical term or geographic name entry element | FIRE |
| 650 24 - SUBJECT ADDED ENTRY--TOPICAL TERM | |
| Topical term or geographic name entry element | FIRE DETECTION |
| 650 24 - SUBJECT ADDED ENTRY--TOPICAL TERM | |
| Topical term or geographic name entry element | FIRE ALARMS |
| 650 24 - SUBJECT ADDED ENTRY--TOPICAL TERM | |
| Topical term or geographic name entry element | FIRE SAFETY |
| 651 #4 - SUBJECT ADDED ENTRY--GEOGRAPHIC NAME | |
| Geographic name | United Kingdom |
| Chronological subdivision | |
| 690 ## - LOCAL SUBJECT ADDED ENTRY--TOPICAL TERM (OCLC, RLIN) | |
| Topical term or geographic name as entry element | Health and safety |
| 9 (RLIN) | 6244 |
| 856 40 - ELECTRONIC LOCATION AND ACCESS | |
| Uniform Resource Identifier | <a href="https://issuu.com/ricsmodus/docs/property_journal_july-august_2018">https://issuu.com/ricsmodus/docs/property_journal_july-august_2018</a> |
| Link text | Available free online via Issuu |
| 942 ## - ADDED ENTRY ELEMENTS (KOHA) | |
| Suppress in OPAC | 0 |
| Withdrawn status | Lost status | Source of classification or shelving scheme | Damaged status | Not for loan | Home library | Current library | Shelving location | Date acquired | Total Checkouts | Full call number | Barcode | Date last seen | Copy number | Price effective from | Koha item type |
|---|---|---|---|---|---|---|---|---|---|---|---|---|---|---|---|
| Dewey Decimal Classification | Virtual | Virtual | Online | 08/08/2018 | ONLINE PUBLICATION | 160145-2001 | 06/08/2019 | 1 | 06/08/2019 | Book |